MDQL
is popping MORE tags! Check the
thread
!
Quizzes
Events
Quiz Creation
Community
Videos
Private Events
Remove Ads
Sign In
Join for FREE
Feedback
Dark Mode
Quiz Categories
Sports
Geography
Music
Movies
Television
Just For Fun
Miscellaneous
History
Literature
Language
Science
Gaming
Entertainment
Religion
Holiday
For Kids
Quiz Lab
Recent
Popular Today
Quiz Kudos Today
Editor Picks
Curator Picks
Quizzes by...
Day
Popularity
Type
Ratings
Length
Year
Community
Subscriptions
Recent Discussions
Orange Saloon
Badges
Playlists
Quests
Create
Leaderboards
Showdown
Live 5
Trivia Bingo
Activity
Puzzle Library
Sporcle Events
Private Events
Virtual Trivia
Globe League
Become a Host
Pub Owners
SporcleCon
Opinionation
Our Games
Videos
Blog
Mobile Apps
Partnerships
Remove Ads and Go Orange
Feedback
Television
TV Characters
TV Show
Sitcom
Network
Friends
Reality Shows
Cast
South Park
Star Trek
The Simpsons
Doctor Who
Television
TV Characters
TV Show
Sitcom
Network
Friends
Reality Shows
Cast
South Park
Star Trek
The Simpsons
Doctor Who
Random Quiz
Search Sporcle
×
Curator Pick
Curator Pick
Television
Follow That Line
Select answers by clicking on text or image buttons
Select answers by clicking on text or image buttons
Clickable
Best Score? Go Orange.
Follow That Line: The Walking Dead Stats
Can you pick the line that follows the given dialogue from AMC's The Walking Dead?
By
Azulia
10m
25 Questions
6,836 Plays
6,836 Plays
6,836 Plays
Comments
Comments
Give Quiz Kudos
Give Quiz Kudos
-
- Ratings
hide this ad
Forced Order
Answers have to be entered in order
Answers have to be entered in order
Replay
Link that replays current quiz
Next Quiz
Link to next quiz in quiz playlist
You Got
0%
They Got
Avg Score
80%
Avg Friend Score
Upgrade to see
Score Distribution
Jump to the score distribution portion of the page
Score
0/25
Timer
10:00
0
Plays Today
% Correct
You see eleven condoms, I see eleven minutes of my life I'm never getting back.
90.4%
Don't be too hard on yourself, we've all wanted to shoot Daryl.
90.4%
Because I knew you were up all night reading comics with a flashlight.
89%
Either way, I don't pretend to be a governor.
87.8%
I can't profess to understand God's plan, but when Christ promised a resurrection of the dead, I just thought he had something a little different in mind.
86.3%
It scares the fish.
86.3%
Well, if I'd been informed of the coming apocalypse I'd have stocked up.
85.6%
And people in hell want Slurpees.
84.6%
What about a thousand dumb dead bastards. Different story?
83.3%
You called me a **** and a rugmuncher.
83.2%
Of course not. There's also jerky.
82.2%
Oh, man. Wouldn't that be the way? World gone to hell, the dead risen up to eat the living and Theodore Douglas is done here by a cut on his arm.
81.7%
I'm a glass half full kinda guy.
79%
% Correct
You don’t have a choice. The only thing you can choose is what you’re risking it for.
78%
That's a lie. That's the biggest lie there is. I told that to my wife and my two boys. I said it 100 times. It didn't matter. They came out of nowhere. There were dozens of them. Just pulled 'em out of my hands. You know, the only reason I got away was because the dead were too busy eating my family.
77.6%
But when you get it done, you have to forget it. I guess I haven't quite got that last part down.
77.5%
I wanna see how red your face can get.
76.3%
Ma'am, aren't we all?
76.3%
You believe dead people walking around?
75.3%
He's already given me fleas.
75%
Do you realize how precarious that makes my situation?
74.4%
Yeah, whatever, yee haw. You're still a dumbass.
74.3%
Call that payback for laughing about my itchy ass.
72.5%
The mat said 'Welcome.'
71.9%
I just got confused about what the bases meant.
70.8%
Quiz Playlist
Details
Report
Send in Message
Add To Playlist
Clickable:
Select answers by clicking on text or image buttons
Forced Order:
Answers have to be entered in order
Last Updated: Apr 16, 2017
Curator Pick in
Follow That Line
Quiz Scoreboard
CHALLENGE
Sign Up to Join the Scoreboard
Show All
Scores
Hide
Comments
May contain spoilers
Recently Published
5x2 Blitz: Bands
by SL_Kpop136
Music
30s
Colored Red Africa Blitz
by spor1
Geography
30s
Find the 'City' Movie
by crazypaving
Movies
60s
More to Explore
Quiz From the Vault
Featured Blog Post
14 Easter Pick-up Lines to Find Eggs With
hide this ad
You Might Also Like...
Tags
Follow That Line Quiz
TV Show Quiz
The Walking Dead
TV Quotes
Today's Top Quizzes in Television
Browse Television
hide this ad
Today's Top Quizzes in Follow That Line
Browse Follow That Line
Top Contributed Quizzes in Television
1
Survivor Journey Challenge
2
Brooklyn Nine Nine Logic Puzzle (How-To-Play)
3
Phoebe Buffay Quotes
4
One Tree Hill Logic Puzzle
5
Survivor Logic Puzzle: Heroes vs. Villains
6
Survivor Trivia
7
Game of Thrones: Tywin Lannister Start to Finish
8
All US Survivor Seasons in Order
9
Emmerdale Characters (from August 2012)
10
Survivor Trivia #6: Criteria Quiz!
Explore More
Trending Topics
Crossword
NBA
Harry Potter
Disney
Kpop
Marvel
Anime
The Office
Pokémon
Soccer
Country
NFL
WWE
Song
Puzzle
hide this ad
More By:
Azulia
Quiz
Plays
Rating
Category
Featured
Created
Follow That Line: Liz Lemon
19,833
4.80
Television
Jun 17, 2014
Follow That Line: Festivus
18,793
4.69
Television
Dec 9, 2014
Follow That Line: Chandler Bing
10,246
4.85
Television
Jun 3, 2014
Follow That Line: Jim Halpert
7,701
4.68
Television
May 30, 2014
Follow That Line: April Ludgate
7,126
4.74
Television
May 18, 2013
Go to Creator's Profile
Score Distribution
Quiz Creator Spotlight
Azulia
Follow
Send a Message
Quizzes Created
-
Created Quiz Play Count
-
More By This Creator
Popular Quizzes Today
1
Find the 'City' Movie
2
Colored Red Africa Blitz
3
Find the US States - No Outlines Minefield
4
5x2 Blitz: Bands
5
The Countries of the World
6
Find the US States
7
US States
8
9x9 Crossword: Cartoon Network
More Television Quizzes
10 to 1: 70s Television Characters Vol. I
Curator's Pick
Trending Quizzes
Colored Red Europe Blitz I
Colored Red Africa Blitz II
Colored Red Europe Blitz II
Colored Red Africa Blitz III
Colored Red Europe Blitz III
Recently Updated
Famous TV Couples
Peacemaker
Champions League XIs: Real Madrid
pecheneg
Largest US Cities 1790-2010
pecheneg
Rides in Walt Disney World
pecheneg
Most Oscar Losses (Acting)
pecheneg
Beyoncé Albums
pecheneg
Leaping Animals
pecheneg
Reality TV Shows (A-Z)
bhenderson79
Rickey Henderson's Hall of Fame Teammates
pecheneg
Champions League XIs: Arsenal
pecheneg
Trending Topics
Harry Potter
Crossword
Marvel
NBA
Anime
Disney
Kpop
Pokémon
Soccer
WWE
NFL
The Office
Song
Puzzle
Country
Your Account Isn't Verified!
In order to create a playlist on Sporcle, you need to verify the email address you used during registration. Go to your
Sporcle Settings
to finish the process.
Report this User
Report this user for behavior that violates our
Community Guidelines
.
Details:
Send Report
Go to the Sporcle.com Mobile Site →
Comments